000 00500nam a2200181Ia 4500
003 GCL
008 140319s9999 xx 000 0 ara d
040 _aGCL /
_cGCL
082 0 4 _a813.03
_bخ م
100 1 _aخيرى شلبى
245 1 0 _aموال البيات والنوم /
_cخيرى شلبى
260 _a[S.N] :
_bدار سعاد الصباح ،
_c1992
300 _a435 ص
490 _a
650 0 4 _aالادب العربى
650 0 4 _aالقصة العربية
942 _2ddc
_cBK
999 _c29145
_d29145